2019 Worldwide Box Office - Statistics

General Stats
  • This quiz has been taken 11 times
  • The average score is 7 of 10
Answer Stats
Rank Movie Title Worldwide Box Office (USD) Distributor/Studio Genre % Correct
1 Avengers: Endgame $2,717,503,922 Disney Superhero/Comics
100%
5 Captain Marvel $1,129,576,094 Disney Superhero/Comics
78%
4 Spider-Man: Far From Home $1,132,298,674 Sony Superhero/Comics
78%
8 Star Wars: The Rise of Skywalker $1,069,951,814 Disney Sci-Fi/Fantasy
78%
2 The Lion King $1,661,454,403 Disney Family/Musical
78%
3 Frozen II $1,451,653,316 Disney Animation/Musical
67%
6 Joker $1,078,751,311 Warner Bros. Comics/Drama
67%
10 Jumanji: The Next Level $792,472,668 Sony Family/Fantasy/Comedy
67%
7 Toy Story 4 $1,071,177,215 Disney Family/Animation
67%
9 Aladdin $1,042,126,107 Disney Family/Musical
44%
No matching quizzes found
Score Distribution
Percent of People with Each Score
Percentile by Number Answered
Your Score History
You have not taken this quiz